000
00294nam a22001337a 4500
008
170224b xxu||||| |||| 00| 0 eng d
020
_a
0071343121
041
_a
eng
080
_2
7 ED
_a
617
100
_a
5
101
_a
SHS
245
_a
PRINCIPLES OF SURGERY
_c
SCHWARTZ.S.I
942
_2
udc
_c
BK
999
_c
6192
_d
6192